Jenny Ghéchac Tiểu thuyết

محفوظ في:
التفاصيل البيبلوغرافية
المؤلف الرئيسي: Draizơ, Thiơdơ
التنسيق: كتاب
الوسوم: إضافة وسم
لا توجد وسوم, كن أول من يضع وسما على هذه التسجيلة!
Thư viện lưu trữ: Mạng thư viện Đại học Đà Nẵng
LEADER 00746nam a2200241 4500
001 000004646
003 786
005 20150812140819.0
008 110802s sd
041 0 |a 14.500đ 
082 1 |a 823  |b DRE 
100 0 |a Draizơ, Thiơdơ 
245 0 0 |a Jenny Ghéchac  |b Tiểu thuyết  |c Draizơ, Thiơdơ 
774 |a Draizơ, Thiơdơ  |b In lần 2  |d H.  |d Phụ nữ  |d 1985  |g T.1  |h 259tr  |w 788 
774 |a Draizơ, Thiơdơ  |b In lần 2  |d Phụ nữ  |d H.  |d 1985  |g T.2=02  |h 272tr  |n Dịch theo bản tiếng Anh  |w 792 
OWN |a LSP 
999 |a From the UDN01 
TYP |a Monograph 
TYP |a Printed language 
980 |a Mạng thư viện Đại học Đà Nẵng